Normal view
MARC view
- Aslam, Muhammad Hanzla
Entry Personal Name
001 - CONTROL NUMBER
- control field: 130472
003 - CONTROL NUMBER IDENTIFIER
- control field: NUST
005 - DATE AND TIME OF LATEST TRANSACTION
- control field: 20250918105203.0
008 - FIXED-LENGTH DATA ELEMENTS
- fixed length control field: 250918|| aca||aabn | a|a d
040 ## - CATALOGING SOURCE
- Original cataloging agency: NUST
- Transcribing agency: NUST
100 ## - HEADING--PERSONAL NAME
- Personal name: Aslam, Muhammad Hanzla
670 ## - SOURCE DATA FOUND
- Source citation: Work cat.: (NUST): Aslam, Muhammad Hanzla , Orthogonal Optimization of Resistance Spot Welding (RSW) Parameters for Al 5052 with Al 3003 /
